000 00315nam a22001337a 4500
008 180924b xxu||||| |||| 00| 0 eng d
020 _a0443088934
041 _aeng
080 _a610
100 _a5
101 _aANE
245 _aHandbook Anesthesia And Existing Disease
_cStoelting.R.K
942 _2udc
_cBK
999 _c48339
_d48339